Teoría de las funciones analíticas y sus aplicaciones (Record no. 62093)

MARC details
000 -LEADER
campo de control de longitud fija 00828nam a2200205 i 4500
001 - NÚMERO DE CONTROL
campo de control 62093
003 - IDENTIFICADOR DE NÚMERO DE CONTROL
campo de control ES-MaACL
005 - FECHA Y HORA DE LA ÚLTIMA TRANSACCIÓN
campo de control 20250903024554.0
007 - CAMPO FIJO DE DESCRIPCIÓN FÍSICA--INFORMACIÓN GENERAL
campo de control de longitud fija t|
008 - DATOS DE LONGITUD FIJA--INFORMACIÓN GENERAL
campo de control de longitud fija 031118s1943 sp ||||1| spa d
100 1# - ENTRADA PRINCIPAL--NOMBRE DE PERSONA
Nombre de persona Fantappié, Luigi.
9 (RLIN) 48812
245 10 - MENCIÓN DEL TÍTULO
Título Teoría de las funciones analíticas y sus aplicaciones
Resto del título : curso de conferencias /
Mención de responsabilidad, etc. por L. Fantappié ; recopiladas por R. Rodríguez Vidal.
260 ## - PUBLICACIÓN, DISTRIBUCIÓN, ETC.
Lugar de publicación, distribución, etc. Barcelona :
Nombre del editor, distribuidor, etc. Casa Provincial de Caridad,
Fecha de publicación, distribución, etc. 1943 (
Fabricante Imprenta Escuela)
300 ## - DESCRIPCIÓN FÍSICA
Extensión 174 p. ;
Dimensiones 24 cm.
500 ## - NOTA GENERAL
Nota general Precede al tít.: Consejo Superior de Investigaciones Científicas. Seminario Matemático de Barcelona.
700 1# - ENTRADA AGREGADA--NOMBRE PERSONAL
Nombre de persona Rodríguez Vidal, Rafael.
9 (RLIN) 98857
710 2# - ENTRADA AGREGADA--NOMBRE DE ENTIDAD CORPORATIVA
Nombre de entidad corporativa o nombre de jurisdicción como elemento de entrada Universidad de Barcelona.
Unidad subordinada Seminario Matemático
9 (RLIN) 6564
852 ## - LOCALIZACIÓN
Ubicación ES-MaACL
Número de control de estantería C-4204
Sublocalización o colección R.23884
Holdings
Estatus retirado Estado de pérdida Estado de daño No para préstamo Biblioteca de origen Biblioteca actual Ubicación en estantería Fecha de adquisición Fuente de adquisición Total de préstamos Signatura topográfica completa Código de barras Visto por última vez Precio de reemplazo Tipo de ítem Koha
        Biblioteca del Ateneo de Madrid Biblioteca del Ateneo de Madrid Sala Palomar 17/01/2008     C-4204 1065099 23/02/2023 23/02/2023 Libro impreso